Ordinary differential equations and their solutions (Record no. 15445)

MARC details
000 -LEADER
fixed length control field 00529 am a2200193 a 4500
001 - CONTROL NUMBER
control field 152676
003 - CONTROL NUMBER IDENTIFIER
control field OSt
005 - DATE AND TIME OF LATEST TRANSACTION
control field 20220128105251.0
008 - FIXED-LENGTH DATA ELEMENTS--GENERAL INFORMATION
fixed length control field 60304 ###
020 ## - INTERNATIONAL STANDARD BOOK NUMBER
International Standard Book Number 9780486485911
082 ## - DEWEY DECIMAL CLASSIFICATION NUMBER
Classification number 515.352
Item number M95O
100 1# - MAIN ENTRY--PERSONAL NAME
Personal name Murphy, George Moseley
245 1# - TITLE STATEMENT
Title Ordinary differential equations and their solutions
Statement of responsibility, etc by George Moseley Murphy
260 ## - PUBLICATION, DISTRIBUTION, ETC. (IMPRINT)
Place of publication, distribution, etc New York
Name of publisher, distributor, etc Dover Publications
Date of publication, distribution, etc 2011
300 ## - PHYSICAL DESCRIPTION
Extent 451p.
653 ## - INDEX TERM--UNCONTROLLED
Uncontrolled term Mathematics
653 ## - INDEX TERM--UNCONTROLLED
Uncontrolled term Differential equations
942 ## - ADDED ENTRY ELEMENTS (KOHA)
Source of classification or shelving scheme Dewey Decimal Classification
Koha item type Books
Holdings
Withdrawn status Lost status Source of classification or shelving scheme Damaged status Not for loan Collection code Home library Current library Date acquired Source of acquisition Total Checkouts Full call number Barcode Date last seen Date checked out Price effective from Koha item type
    Dewey Decimal Classification     General Text Book Central University Of Rajasthan Central University Of Rajasthan 10/02/2016 MTH 6 515.352 M95O 26206 23/02/2026 05/02/2026 02/09/2020 Books